Sports Quiz

Random Sports or Baseball Quiz
Score 0/111 Timer 12:00
0 Plays Today
HRs Player % Correct
38Chris Davis
89.6%
42Khris Davis
89.2%
39Kris Bryant
86.6%
38David Ortiz
86%
38Miguel Cabrera
84.1%
47Mark Trumbo
83.6%
23Asdrúbal Cabrera
82.9%
42Edwin Encarnación
82.5%
43Nelson Cruz
82.4%
32Anthony Rizzo
82.2%
29Mike Trout
81.4%
22José Bautista
79.7%
39Robinson Canó
79.6%
37Josh Donaldson
77.6%
36Evan Longoria
75.1%
30Ryan Braun
74.3%
31Albert Pujols
74%
41Nolan Arenado
73.9%
24Bryce Harper
73.2%
31Mookie Betts
73%
25Carlos González
72.3%
37Manny Machado
70.6%
29Adam Jones
70%
29Joey Votto
69.7%
24Paul Goldschmidt
69.5%
33Jay Bruce
69.3%
42Brian Dozier
69%
31Yoenis Céspedes
68%
27Giancarlo Stanton
68%
32Adrián Beltré
67.4%
34Freddie Freeman
66.9%
35Matt Kemp
66.5%
25José Abreu
64.6%
20Russell Martin
63.9%
40Todd Frazier
63.4%
22J.D. Martinez
63.4%
27Víctor Martínez
63.4%
HRs Player % Correct
26Corey Seager
62.8%
30Kyle Seager
62.8%
24José Altuve
62%
34Mike Napoli
61.4%
31Justin Upton
60.8%
20Melvin Upton
60.7%
29Carlos Beltrán
60.6%
41Chris Carter
60.2%
24Andrew McCutchen
59.6%
34Carlos Santana
59.6%
25Eric Hosmer
58.5%
30Hanley Ramírez
58.5%
25Ryan Howard
52.9%
30Curtis Granderson
51.5%
24Troy Tulowitzki
50.6%
20Carlos Correa
49.7%
29George Springer
49.2%
26Jackie Bradley Jr.
48.3%
21Matt Carpenter
48.2%
28Ian Kinsler
47.5%
33Rougned Odor
47.3%
27Justin Turner
47.1%
20Adam Lind
46.2%
25Daniel Murphy
45.4%
20Gary Sánchez
45%
23Jason Kipnis
44.2%
20Matt Holliday
44.2%
21Jayson Werth
43%
32Evan Gattis
42.9%
24Jonathan Lucroy
42.1%
22Salvador Pérez
41.9%
30Kendrys Morales
41.3%
28Wil Myers
40.9%
33Adam Duvall
40.4%
27Trevor Story
39%
29Charlie Blackmon
38.9%
21Addison Russell
37.8%
HRs Player % Correct
21Xander Bogaerts
36.9%
22Ian Desmond
35.8%
21Christian Yelich
35.7%
25Miguel Sanó
35.4%
20Brian McCann
35.1%
25Joc Pederson
34%
25Maikel Franco
33%
23Neil Walker
32.9%
23Marcell Ozuna
32.2%
21Starlin Castro
31.8%
22Mitch Moreland
30.7%
22Gregory Polanco
30.3%
20Anthony Rendon
29.3%
31Yasmany Tomás
29.3%
25Jonathan Schoop
29.2%
29Jake Lamb
28.6%
22Wilson Ramos
27.9%
24Michael Saunders
27%
27Yasmani Grandal
26.8%
22Stephen Piscotty
26.7%
30Brad Miller
26.2%
22Pedro Álvarez
25.3%
24Randal Grichuk
25%
30Jedd Gyorko
25%
28Brandon Moss
24.8%
20Didi Gregorius
22.5%
20Jean Segura
20.4%
24Danny Espinosa
19.2%
24Corey Dickerson
18.1%
27Marcus Semien
15.6%
20Nomar Mazara
15%
21Jung Ho Kang
14.8%
20Freddy Galvis
13.9%
20Logan Forsythe
13.5%
21Eugenio Suarez
12.8%
21Tommy Joseph
11.7%
20Ryan Schimpf
7.2%

You're not logged in!

Compare scores with friends on all Sporcle quizzes.
OR
Log In

Sporcle TV

Today on Sporcle TV


Watch our educational content, quiz creation guides, and fun videos on Sporcle TV.

Show Comments

Extras

Top Quizzes Today


Score Distribution

Paid Content

Your Account Isn't Verified!

In order to create a playlist on Sporcle, you need to verify the email address you used during registration. Go to your Sporcle Settings to finish the process.

Report this User

Report this user for behavior that violates our Community Guidelines.

Details: